Yu-Gi-Oh! GX - Monstre (2) - Statistiques

Statistiques générales
  • Ce quiz a été pris 23 fois
  • Le résultat moyen est 214 sur 225
Statistiques - réponses
Question Tuile Select % Correct
Qui est UFOroid ? Non
100%
Qui est UFOroid ? Non
100%
Qui est UFOroid ? Non
100%
Qui est UFOroid ? Non
100%
Qui est UFOroid ? Non
100%
Qui est UFOroid ? Non
100%
Qui est UFOroid ? Non
100%
Qui est UFOroid ? Non
100%
Qui est UFOroid ? Non
100%
Qui est UFOroid ? Non
100%
Qui est UFOroid ? Non
100%
Qui est UFOroid ? Non
100%
Qui est UFOroid ? Non
100%
Qui est Jetroid ? Non
100%
Qui est Jetroid ? Non
100%
Qui est Jetroid ? Non
100%
Qui est Jetroid ? Non
100%
Qui est Jetroid ? Non
100%
Qui est Jetroid ? Non
100%
Qui est Jetroid ? Non
100%
Qui est Jetroid ? Non
100%
Qui est Jetroid ? Non
100%
Qui est Jetroid ? Non
100%
Qui est Jetroid ? Non
100%
Qui est Jetroid ? Non
100%
Qui est Steamroid ? Non
100%
Qui est Steamroid ? Non
100%
Qui est Steamroid ? Non
100%
Qui est Steamroid ? Non
100%
Qui est Steamroid ? Non
100%
Qui est Steamroid ? Non
100%
Qui est Steamroid ? Non
100%
Qui est Steamroid ? Non
100%
Qui est Steamroid ? Non
100%
Qui est Steamroid ? Non
100%
Qui est Steamroid ? Non
100%
Qui est Steamroid ? Non
100%
Qui est Expressroid ? Oui
100%
Qui est Expressroid ? Non
100%
Qui est Expressroid ? Non
100%
Qui est Expressroid ? Non
100%
Qui est Expressroid ? Non
100%
Qui est Expressroid ? Non
100%
Qui est Expressroid ? Non
100%
Qui est Expressroid ? Non
100%
Qui est Expressroid ? Non
100%
Qui est Expressroid ? Non
100%
Qui est Expressroid ? Non
100%
Qui est Expressroid ? Non
100%
Qui est Expressroid ? Non
100%
Qui est Expressroid ? Non
100%
Qui est Expressroid ? Non
100%
Qui est Sauveteuroid ? Non
100%
Qui est Sauveteuroid ? Non
100%
Qui est Sauveteuroid ? Non
100%
Qui est Sauveteuroid ? Non
100%
Qui est Sauveteuroid ? Non
100%
Qui est Sauveteuroid ? Non
100%
Qui est Sauveteuroid ? Non
100%
Qui est Sauveteuroid ? Non
100%
Qui est Sauveteuroid ? Non
100%
Qui est Sauveteuroid ? Non
100%
Qui est Sauveteuroid ? Non
100%
Qui est Sauveteuroid ? Non
100%
Qui est Gyroid ? Non
100%
Qui est Gyroid ? Non
100%
Qui est Gyroid ? Non
100%
Qui est Gyroid ? Non
100%
Qui est Gyroid ? Non
100%
Qui est Gyroid ? Non
100%
Qui est Gyroid ? Non
100%
Qui est Gyroid ? Non
100%
Qui est Gyroid ? Non
100%
Qui est Gyroid ? Non
100%
Qui est Ambulanceroid ? Non
100%
Qui est Ambulanceroid ? Non
100%
Qui est Ambulanceroid ? Non
100%
Qui est Ambulanceroid ? Non
100%
Qui est Ambulanceroid ? Non
100%
Qui est Ambulanceroid ? Non
100%
Qui est Ambulanceroid ? Non
100%
Qui est Ambulanceroid ? Non
100%
Qui est Ambulanceroid ? Non
100%
Qui est Ambulanceroid ? Non
100%
Qui est Ambulanceroid ? Non
100%
Qui est Ambulanceroid ? Non
100%
Qui est Ambulanceroid ? Non
100%
Qui est Sous-Marinroid ? Non
100%
Qui est Sous-Marinroid ? Non
100%
Qui est Sous-Marinroid ? Oui
100%
Qui est Sous-Marinroid ? Non
100%
Qui est Sous-Marinroid ? Non
100%
Qui est Sous-Marinroid ? Non
100%
Qui est Sous-Marinroid ? Non
100%
Qui est Sous-Marinroid ? Non
100%
Qui est Sous-Marinroid ? Non
100%
Qui est Sous-Marinroid ? Non
100%
Qui est Sous-Marinroid ? Non
100%
Qui est Sous-Marinroid ? Non
100%
Qui est Sous-Marinroid ? Non
100%
Qui est Sous-Marinroid ? Non
100%
Qui est Sous-Marinroid ? Non
100%
Qui est Camionroid ? Non
100%
Qui est Camionroid ? Non
100%
Qui est Camionroid ? Non
100%
Qui est Camionroid ? Non
100%
Qui est Camionroid ? Non
100%
Qui est Camionroid ? Non
100%
Qui est Camionroid ? Non
100%
Qui est Camionroid ? Non
100%
Qui est Camionroid ? Non
100%
Qui est Camionroid ? Non
100%
Qui est Camionroid ? Non
100%
Qui est Camionroid ? Non
100%
Qui est Camionroid ? Non
100%
Qui est Patroid ? Non
95%
Qui est Patroid ? Non
95%
Qui est Patroid ? Non
95%
Qui est Patroid ? Non
95%
Qui est Patroid ? Non
95%
Qui est Patroid ? Non
95%
Qui est Patroid ? Non
95%
Qui est Patroid ? Non
95%
Qui est Patroid ? Non
95%
Qui est Patroid ? Non
95%
Qui est Patroid ? Non
95%
Qui est Cycroid ? Non
95%
Qui est Cycroid ? Non
95%
Qui est Cycroid ? Non
95%
Qui est Cycroid ? Non
95%
Qui est Cycroid ? Non
95%
Qui est Cycroid ? Non
95%
Qui est Cycroid ? Non
95%
Qui est Cycroid ? Non
95%
Qui est Cycroid ? Non
95%
Qui est Cycroid ? Non
95%
Qui est Cycroid ? Non
95%
Qui est Cycroid ? Non
95%
Qui est UFOroid ? Non
95%
Qui est UFOroid ? Oui
95%
Qui est Steamroid ? Non
95%
Qui est Steamroid ? Non
95%
Qui est Steamroid ? Oui
95%
Qui est Sauveteuroid ? Non
95%
Qui est Gyroid ? Non
95%
Qui est Gyroid ? Non
95%
Qui est Gyroid ? Non
95%
Qui est Camionroid ? Oui
95%
Qui est Camionroid ? Non
95%
Qui est Drillroid ? Non
95%
Qui est Drillroid ? Non
95%
Qui est Drillroid ? Non
95%
Qui est Drillroid ? Non
95%
Qui est Drillroid ? Non
95%
Qui est Drillroid ? Oui
95%
Qui est Drillroid ? Non
95%
Qui est Drillroid ? Non
95%
Qui est Drillroid ? Non
95%
Qui est Drillroid ? Non
95%
Qui est Drillroid ? Non
95%
Qui est Drillroid ? Non
95%
Qui est Drillroid ? Non
95%
Qui est Drillroid ? Non
95%
Qui est Drillroid ? Non
95%
Qui est Patroid ? Non
90%
Qui est Patroid ? Non
90%
Qui est Patroid ? Non
90%
Qui est Cycroid ? Non
90%
Qui est Cycroid ? Non
90%
Qui est Jetroid ? Non
90%
Qui est Jetroid ? Non
90%
Qui est Kiteroid ? Non
90%
Qui est Kiteroid ? Non
90%
Qui est Kiteroid ? Non
90%
Qui est Kiteroid ? Non
90%
Qui est Kiteroid ? Non
90%
Qui est Kiteroid ? Non
90%
Qui est Kiteroid ? Non
90%
Qui est Kiteroid ? Non
90%
Qui est Kiteroid ? Non
90%
Qui est Kiteroid ? Non
90%
Qui est Leurroid ? Non
90%
Qui est Leurroid ? Non
90%
Qui est Leurroid ? Non
90%
Qui est Leurroid ? Non
90%
Qui est Leurroid ? Non
90%
Qui est Leurroid ? Non
90%
Qui est Leurroid ? Non
90%
Qui est Leurroid ? Non
90%
Qui est Leurroid ? Non
90%
Qui est Leurroid ? Non
90%
Qui est Gyroid ? Non
90%
Qui est Ambulanceroid ? Non
90%
Qui est Ambulanceroid ? Oui
90%
Qui est Furtiroid ? Non
90%
Qui est Furtiroid ? Non
90%
Qui est Furtiroid ? Non
90%
Qui est Furtiroid ? Non
90%
Qui est Furtiroid ? Non
90%
Qui est Furtiroid ? Non
90%
Qui est Furtiroid ? Non
90%
Qui est Furtiroid ? Non
90%
Qui est Furtiroid ? Non
90%
Qui est Furtiroid ? Non
90%
Qui est Furtiroid ? Non
90%
Qui est Furtiroid ? Non
90%
Qui est Patroid ? Oui
85%
Qui est Cycroid ? Oui
85%
Qui est Kiteroid ? Non
85%
Qui est Kiteroid ? Non
85%
Qui est Kiteroid ? Non
85%
Qui est Leurroid ? Non
85%
Qui est Leurroid ? Non
85%
Qui est Furtiroid ? Non
85%
Qui est Furtiroid ? Non
85%
Qui est Jetroid ? Oui
80%
Qui est Kiteroid ? Non
80%
Qui est Leurroid ? Non
80%
Qui est Leurroid ? Non
80%
Qui est Furtiroid ? Oui
80%
Qui est Gyroid ? Oui
75%
Qui est Kiteroid ? Oui
65%
Qui est Leurroid ? Oui
60%
Qui est Sauveteuroid ? Non
60%
Qui est Sauveteuroid ? Oui
55%
Aucun quiz correspondant
Distribution des résultats
% des personnes avec chaque résultat
Percentile par nombre de réponses
Votre historique - résultats
Vous n’avez pas pris ce quiz